শ্রম ও শিল্প আইন / (Record no. 52356)
[ view plain ]
| 000 -LEADER | |
|---|---|
| fixed length control field | 00798nam a2200241 a 4500 |
| 001 - CONTROL NUMBER | |
| control field | 52356 |
| 003 - CONTROL NUMBER IDENTIFIER | |
| rucl marc code | BD-RjUL |
| 005 - DATE AND TIME OF LATEST TRANSACTION | |
| control field | 20211209075807.0 |
| 008 - FIXED-LENGTH DATA ELEMENTS--GENERAL INFORMATION | |
| fixed length control field | 160919s1979 bg ||||| |||| 00| 0 ben d |
| 020 ## - INTERNATIONAL STANDARD BOOK NUMBER | |
| Terms of availability | : Tk. 40.00 |
| 035 ## - SYSTEM CONTROL NUMBER | |
| System control number | (BD-RjUL)52476 |
| 040 ## - CATALOGING SOURCE | |
| Original cataloging agency | BD-RjUL |
| Language of cataloging | ben |
| Transcribing agency | BD-RjUL |
| 041 ## - LANGUAGE CODE | |
| Language code of text/sound track or separate title | ben |
| 082 ## - DEWEY DECIMAL CLASSIFICATION NUMBER | |
| Edition number | 23 |
| Classification number | 344.01125 |
| Author mark and year | KHS 1979 |
| 100 1# - MAIN ENTRY--PERSONAL NAME | |
| Personal name | খান, এ. এ. |
| 9 (RLIN) | 123664 |
| 245 10 - TITLE STATEMENT | |
| Title | শ্রম ও শিল্প আইন / |
| Statement of responsibility, etc. | এ. এ. খান |
| 250 ## - EDITION STATEMENT | |
| Edition statement | ১ম সং |
| 260 ## - PUBLICATION, DISTRIBUTION, ETC. (IMPRINT) | |
| Place of publication, distribution, etc. | ঢাকা : |
| Name of publisher, distributor, etc. | খোশরোজ কিতাব মহল, |
| Date of publication, distribution, etc. | ১৯৭৬ [মুদ্রণ১৯৭৯] |
| 300 ## - PHYSICAL DESCRIPTION | |
| Pagination | (১৫), ৩৩১ পৃ. ; |
| Size | ২১ সেমি |
| 650 ## - SUBJECT ADDED ENTRY--TOPICAL TERM | |
| Topical term or geographic name as entry element | শ্রম আইন |
| 9 (RLIN) | 123665 |
| Topical term or geographic name as entry element | Labour Law |
| 9 (RLIN) | 123666 |
| 942 ## - ADDED ENTRY ELEMENTS (KOHA) | |
| Source of classification or shelving scheme | Dewey Decimal Classification |
| Koha item type | Books |
| Lost status | Source of classification or shelving scheme | Damaged status | Not for loan | Collection code | Permanent Location | Current Location | Shelving location | Date acquired | Source of acquisition | Cost, normal purchase price | Total Checkouts | Full call number | Date last seen | Copy number | Koha item type |
|---|---|---|---|---|---|---|---|---|---|---|---|---|---|---|---|
| Dewey Decimal Classification | Non-fiction | Central Library, University of Rajshahi | Central Library, University of Rajshahi | 27/07/1982 | Aligor Library, Rajshahi | 40.00 | B 344.01125 KHS 1979 | 19/09/2016 | C-2 | Books | |||||
| Dewey Decimal Classification | Non-fiction | Central Library, University of Rajshahi | Central Library, University of Rajshahi | 07/01/1977 | Aligash library, Rajshahi | 30.00 | B 344.01125 KHS 1976 | 02/10/2016 | C-3 | Books | |||||
| Dewey Decimal Classification | Not For Loan | Non-fiction | Central Library, University of Rajshahi | Central Library, University of Rajshahi | Reading Room | 26/01/1977 | Aligorh library, Rajshahi | 30.00 | B 344.01125 KHS 1976 | 26/04/2017 | C-1 | Books |